Microsoft excel 2019: data analysis and business modeling/ (Record no. 174080)

MARC details
000 -LEADER
fixed length control field 00615nam a22002057a 4500
005 - DATE AND TIME OF LATEST TRANSACTION
control field 20201218143040.0
010 ## - LCCN (DPL NO)
LC control number ENG-128070
020 ## - INTERNATIONAL STANDARD BOOK NUMBER
International Standard Book Number 9789389347180
Terms of availability 795.00
035 ## - SYSTEM CONTROL NUMBER
System control number EN-111602
037 ## - SOURCE OF ACQUISITION
Source of stock number/acquisition DBAD/PUB
082 ## - DEWEY DECIMAL CLASSIFICATION NUMBER
Classification number 005.54
100 ## - MAIN ENTRY--PERSONAL NAME
Personal name Winston, Wayne L
245 ## - TITLE STATEMENT
Title Microsoft excel 2019: data analysis and business modeling/
Statement of responsibility, etc by Wayne L. Winston,
250 ## - EDITION STATEMENT
Edition statement 6th.
260 ## - PUBLICATION, DISTRIBUTION, ETC. (IMPRINT)
Place of publication, distribution, etc Delhi
Name of publisher, distributor, etc PHI Learning
Date of publication, distribution, etc 2019
270 ## - ADDRESS
Address 111,Patparganj Industrial Estate
City Delhi
Postal code 110092
300 ## - PHYSICAL DESCRIPTION
Extent xxvii;850p.
Dimensions 24cm(pbk)
500 ## - GENERAL NOTE
General note includes index<br/>
942 ## - ADDED ENTRY ELEMENTS (KOHA)
Source of classification or shelving scheme Dewey Decimal Classification
Item type English Books
Classification part 005.54
Call number suffix WIN
Holdings
Withdrawn status Lost status Not for loan Collection code Home library Current library Date acquired Source of acquisition Cost, normal purchase price Full call number Barcode Copy number Cost, replacement price Koha item type
      Non-fiction Central Library Central Library 17/03/2020 DBAD/PUB 795.00 005.54 WIN EN-111602 1 795.00 English Books

© Delhi Public Library
Hit Counter
free hit counter